| 000 | 00548nam a2200145 a 4500 | ||
|---|---|---|---|
| 008 | 120416s1989 ||||||||||||||||| || u | ||
| 050 | _aTJ 213 Dig | ||
| 100 | _aFargeon, C | ||
| 245 | 1 | 4 |
_aThe digital control of systems _cedited by C. Fargeon |
| 246 | _aapplications to vehicles and robots | ||
| 260 |
_aLondon _bNorth Oxford Academic _c1989 |
||
| 300 | _axv, 449p. : ill. | ||
| 350 | _a0.00 | ||
| 995 |
_D0.00 _FCBU-MAIN LIBRARY (Kitwe) _H1 _I35.00 _UAVAILABLE _ZMain Library Open Access Collection |
||
| 999 |
_c40158 _d40158 |
||